SANNIn tuotanto - Statistics

Yleistilastot
  • Tätä visaa on pelattu 33 kertaa
    6 viimeisimmän päivityksen jälkeen
  • Keskiarvotulos 34 / 83
Vastaustilastot
Vastaus % Oikein
2080-luvulla
80%
Että mitähän vittua
80%
Kelpaat kelle vaan
80%
Kesken
80%
LELU
80%
Me ei olla enää me
80%
Oo se kun oot
80%
Prinsessoja & astronautteja
80%
Sotke mut
80%
Dementia
60%
Haukilahden rantaan
60%
Isin tyttö
60%
Jacuzzi
60%
Kakara ku Cara
60%
Kokaiini
60%
Mielenmaisemat
60%
Muutos
60%
Pettäjä
60%
Pornoo
60%
SANNI
60%
Sinä ja se poitsu
60%
Soita mua
60%
Supernova
60%
Trampoliini
60%
56 km
40%
Don Corleone
40%
Dracula
40%
Ei
40%
Frendizone
40%
Halipula
40%
Hei kevät
40%
Jengi nukkuu igluissaki
40%
Jos mä oon oikee
40%
Kiinni
40%
Kran Turismo
40%
Ku Kanye Kanyee
40%
Lapsi Heurekassa
40%
Luodinkestävä
40%
Mitä jos ne näkee
40%
Moukari
40%
Naapuri
40%
Nälkä
40%
Narsissini
40%
Paperihaavoja
40%
Pommi (pampampam)
40%
Psykologi
40%
Ravistettava ennen käyttöä
40%
Rokkenroll-elämää
40%
Roomaan
40%
Sit ku mä oon vapaa
40%
Tahdon rakastella sinua
40%
Timantit on ikuisia
40%
Tyhmä
40%
Utopiaa
40%
Xo terkkuja kotiin!
40%
Ei erota vielä
20%
Eliniänodote
20%
Etsivä
20%
Hakuna matata
20%
Jos mä voisin tuntee mut
20%
Kaunis koti
20%
Kiitos & anteeksi
20%
Koti-ikävä
20%
Kuka sen opettaa
20%
Lauantai-iltana
20%
Levoton tyttö
20%
Mä en haluu mennä himaan
20%
Malagaan
20%
Masis
20%
Metsä
20%
Minä sinua vaan
20%
Mörköjä
20%
Onnelliseksi
20%
Oon voimissain
20%
Pidä huolta
20%
Pieni ja hento ote
20%
Pikajunat
20%
Pojat
20%
Sinkku
20%
Tyttöystävä
20%
Vahinko
20%
Yksinäinen
20%
Yksinäinen milleniaali
20%
Ehtoja vastaavia visoja ei löytynyt
Tulosjakauma
Jokaisen tuloksen saaneiden osuus
Persentiili vastausten määrän mukaan
Tuloshistoriasi
Et ole pelannut tätä visaa sen viimeisimmän päivityksen jälkeen